000 00508nam a2200181Ia 4500
005 20250326141846.0
008 250326s9999 xx 000 0 und d
037 _aTextbook
040 _aFMSL
_beng
_cFMSL
041 _aeng
_2eng
084 _aL:f M3;1
_qFMSL
100 _aWHO
_973500
245 0 _aResearch needs for Health for all by the Year 2000
_cWHO
260 _aNew Delhi
_bNew Delhi, World Health Org.
_c1983
300 _a37p
942 _cTB
_hL:f M3;1
999 _c1292321
_d1292321